चार्ली का सफरनामा / (Record no. 115308)

MARC details
000 -LEADER
fixed length control field 01212nam a22002897a 4500
003 - CONTROL NUMBER IDENTIFIER
control field dpl
005 - DATE AND TIME OF LATEST TRANSACTION
control field 20180710131521.0
008 - FIXED-LENGTH DATA ELEMENTS--GENERAL INFORMATION
fixed length control field 180710b xxu||||| |||| 00| 0 eng d
010 ## - LIBRARY OF CONGRESS CONTROL NUMBER
LC control number B-144365, B-144375
020 ## - INTERNATIONAL STANDARD BOOK NUMBER
Terms of availability 200.00
International Standard Book Number 8190157124
035 ## - SYSTEM CONTROL NUMBER
System control number B-144365
037 ## - SOURCE OF ACQUISITION
Source of stock number/acquisition Cen Lib/Ret
040 ## - CATALOGING SOURCE
Original cataloging agency DPL
Language of cataloging HN
Transcribing agency 0
082 ## - DEWEY DECIMAL CLASSIFICATION NUMBER
Classification number
Item number स्टेनबे
100 ## - MAIN ENTRY--PERSONAL NAME
Personal name स्टेनबेक
9 (RLIN) 60839
245 ## - TITLE STATEMENT
Title चार्ली का सफरनामा /
Statement of responsibility, etc स्टेनबेक; अनुवादक संजीव तंवर
246 ## - VARYING FORM OF TITLE
Title proper/short title Charli ka safarnama /
Remainder of title by Stainback; anuvadak Sanjiva Tanwar
260 ## - PUBLICATION, DISTRIBUTION, ETC. (IMPRINT)
Place of publication, distribution, etc दिल्ली
Name of publisher, distributor, etc राष्ट्रभाषा प्रकाशन
Date of publication, distribution, etc 2004
270 ## - ADDRESS
Address ई-54, भू-तल, मान सरोवरपार्क, शाहदरा
City दिल्ली
Postal code 110032
300 ## - PHYSICAL DESCRIPTION
Extent 207पृ.
Dimensions 21सेमी(सजिल्द)
650 ## - SUBJECT ADDED ENTRY--TOPICAL TERM
Topical term or geographic name as entry element अंग्रेजी साहित्य
9 (RLIN) 60840
650 ## - SUBJECT ADDED ENTRY--TOPICAL TERM
Topical term or geographic name as entry element उपन्यास
9 (RLIN) 60841
650 ## - SUBJECT ADDED ENTRY--TOPICAL TERM
Topical term or geographic name as entry element English literature
9 (RLIN) 60842
650 ## - SUBJECT ADDED ENTRY--TOPICAL TERM
Topical term or geographic name as entry element Fiction
9 (RLIN) 8901
700 ## - ADDED ENTRY--PERSONAL NAME
Personal name तंवर, संजीव
9 (RLIN) 60843
942 ## - ADDED ENTRY ELEMENTS (KOHA)
Source of classification or shelving scheme Dewey Decimal Classification
Koha item type Hindi Books
Classification part
Call number suffix स्टेनबे
Holdings
Withdrawn status Lost status Damaged status Not for loan Home library Current library Date acquired Source of acquisition Cost, normal purchase price Total Checkouts Full call number Barcode Date last seen Copy number Cost, replacement price Price effective from Koha item type Source of classification or shelving scheme Collection code
        Central Library Central Library 20/08/2015 Cen Lib/Ret 200.00   उ स्टेनबे B-144365 20/08/2015 1 200.00 20/08/2015 Hindi Books    
        Shahdara Branch Shahdara Branch 10/07/2018 BPPD/PUB 200.00   उ स्टेनबे B-144375 10/07/2018   200.00 10/07/2018 Hindi Books Dewey Decimal Classification Fiction
        Yojana Vihar Yojana Vihar 25/07/2019 BPPD/PUB 200.00   उ स्टेनबे B-144376 25/07/2019   200.00 25/07/2019 Hindi Books Dewey Decimal Classification Fiction

© Delhi Public Library
Hit Counter
free hit counter